Normal view
MARC view
- Burnard, Philip
Entry Personal Name
001 - CONTROL NUMBER
- control field: 78634
003 - CONTROL NUMBER IDENTIFIER
- control field: NUST
005 - DATE AND TIME OF LATEST TRANSACTION
- control field: 20210628210230.0
008 - FIXED-LENGTH DATA ELEMENTS
- fixed length control field: 210628|| aca||aabn | a|a d
040 ## - CATALOGING SOURCE
- Original cataloging agency: NUST
- Transcribing agency: NUST
100 ## - HEADING--PERSONAL NAME
- Personal name: Burnard, Philip
670 ## - SOURCE DATA FOUND
- Source citation: Work cat.: (NUST): Burnard, Philip, Counselling skills training a sourcebook of activities for trainers, 1995
